Top 10 Złotej Piłki France Football 2023 - Statystyki

Ogólne statystyki
  • Ten quiz został rozwiązany 47 razy
  • Średni wynik to 6 z 10
Statystyki odpowiedzi
Miejsce Narodowość Klub Zawodnik % Poprawnych
1 Argentyna Paris Saint-Germain/Inter Miami Lionel Messi
96%
3 Francja Paris Saint-Germain Kylian Mbappé
93%
2 Norwegia Manchester City Erling Haaland
87%
5 Hiszpania Manchester City Rodri
78%
4 Belgia Manchester City Kevin De Bruyne
69%
10 Chorwacja Real Madryt Luka Modrić
56%
6 Brazylia Real Madryt Vinicius Jr.
53%
7 Argentyna Manchester City Julian Alvarez
47%
9 Portugalia Manchester City Bernardo Silva
42%
8 Nigeria Napoli Victor Osimhen
18%
Nie znaleziono quizów pasujących do podanych kryteriów
Rozkład punktacji
Procent ludzi z każdym wynikiem
Percentyl według liczby udzielonych odpowiedzi
Twoja historia wyników
Nie rozwiązałeś tego quizu